Statistics for Random Countries by Initial Letter and Continent

Click here to take the quiz!

General Stats

  • This quiz has been taken 436 times
  • The average score is 17 of 20

Answer Stats

LetterContinentCountry% Correct
AOceaniaAustralia
96%
HNorth AmericaHaiti
96%
LAsiaLaos
94%
BEuropeBelarus
93%
CAfricaCameroon
93%
GAfricaGabon
93%
JAsiaJapan
93%
FEuropeFinland
92%
NAfricaNamibia
92%
QAsiaQatar
92%
UAfricaUganda
92%
IEuropeIceland
91%
JNorth AmericaJamaica
91%
LAfricaLesotho
90%
MAsiaMalaysia
90%
AEuropeAlbania
89%
CNorth AmericaCanada
89%
EAfricaEgypt
89%
SEuropeSan Marino
89%
USouth AmericaUruguay
89%
ESouth AmericaEcuador
88%
FOceaniaF.S. Micronesia
88%
KAsiaKazakhstan
88%
MAfricaMadagascar
88%
YAsiaYemen
88%
ZAfricaZambia
88%
GEuropeGermany
87%
IAsiaIndia
87%
NEuropeNetherlands
87%
DAfricaD.R. Congo
86%
REuropeRomania
86%
SAsiaSaudi Arabia
86%
PEuropePoland
85%
TAsiaTaiwan
85%
UAsiaUnited Arab Emirates
85%
UNorth AmericaUnited States
85%
VOceaniaVanuatu
85%
DEuropeDenmark
84%
HEuropeHungary
84%
RAfricaRepublic of the Congo
84%
SAfricaSao Tome and Principe
84%
VSouth AmericaVenezuela
84%
ANorth AmericaAntigua and Barbuda
83%
BSouth AmericaBolivia
83%
CAsiaCambodia
83%
GSouth AmericaGuyana
83%
SSouth AmericaSuriname
83%
AAsiaAfghanistan
82%
AAfricaAlgeria
82%
MNorth AmericaMexico
82%
NOceaniaNauru
82%
BNorth AmericaBahamas
81%
BAsiaBahrain
81%
GNorth AmericaGrenada
81%
LEuropeLatvia
81%
NNorth AmericaNicaragua
81%
OAsiaOman
80%
UEuropeUkraine
80%
VEuropeVatican City
80%
ASouth AmericaArgentina
79%
EEuropeEstonia
79%
NAsiaNepal
79%
DNorth AmericaDominica
78%
BAfricaBenin
77%
MEuropeMalta
77%
PSouth AmericaParaguay
77%
TAfricaTanzania
77%
CSouth AmericaChile
76%
CEuropeCroatia
76%
POceaniaPalau
76%
TOceaniaTonga
76%
KAfricaKenya
74%
KEuropeKosovo
74%
SOceaniaSamoa
74%
VAsiaVietnam
73%
KOceaniaKiribati
72%
PAsiaPakistan
72%
GAsiaGeorgia
71%
ENorth AmericaEl Salvador
69%
PNorth AmericaPanama
67%
MOceaniaMarshall Islands
65%
TNorth AmericaTrinidad and Tobago
65%
SNorth AmericaSaint Kitts and Nevis
62%
IAfricaIvory Coast
58%
EAsiaEast Timor
57%

Score Distribution

Percentile by Number Answered

Percent of People with Each Score

Your Score History

You have not taken this quiz